Knott's handbook for vegetable growers
Gardado en:
| Main Authors: | , |
|---|---|
| Formato: | Libro |
| Idioma: | Lingua castelá |
| Publicado: |
Hoboken
John Wiley and Sons
2007
|
| Edición: | 5a. ed |
| Subjects: | |
| Tags: |
Engadir etiqueta
Sen Etiquetas, Sexa o primeiro en etiquetar este rexistro!
|
MARC
| LEADER | 00000nam a2200000 a 4500 | ||
|---|---|---|---|
| 001 | UCH5159 | ||
| 003 | CL-VaPUC | ||
| 008 | 091001e20070000us |||||||||||||||||spa|d | ||
| 020 | |a 9780471738282 | ||
| 082 | 0 | 4 | |a 635 |b MAY |2 21 |
| 100 | |a Maynard, Donald N. |e autor |9 541369 | ||
| 700 | |a Hochmuth, George Joseph |e author |9 448981 | ||
| 245 | 1 | 0 | |a Knott's handbook for vegetable growers |
| 250 | |a 5a. ed | ||
| 300 | |a 621 p | ||
| 942 | |c BK | ||
| 945 | |d 20091001 00:00:00 |a rbrito | ||
| 260 | |a Hoboken |b John Wiley and Sons |c 2007 | ||
| 650 | 0 | |a Hortalizas |9 259501 | |
| 650 | 0 | |a Cultivo |9 264268 | |
| 650 | 0 | |a Nutrición |9 259434 | |
| 650 | 0 | |a Fertilizantes |9 262833 | |
| 650 | 0 | |a Riego |9 259685 | |
| 650 | 0 | |a Pesticidas |9 358300 | |
| 650 | 0 | |a Control de plagas |9 327373 | |
| 650 | 0 | |a Herbicidas |9 393022 | |
| 583 | |a last modification |c 20171116 02:08:45 |k Rodrigo Vera | ||
| 999 | |c 336348 |d 336346 | ||
| 952 | |0 0 |1 0 |4 0 |6 635_000000000000000_MAY_2007 |7 0 |8 A |9 427514 |a BIBAGR |b BIBAGR |d 2019-11-22 |i 4604598 |o 635 MAY 2007 |p 4604598 |r 2025-01-20 |w 2019-11-22 |y BK |k AGR | ||